| 000 | 00599nam a2200157Ia 4500 | ||
|---|---|---|---|
| 008 | 081213s9999 xx 000 0 und d | ||
| 050 |
_a262.009 2 _bKUR |
||
| 082 |
_a262.009 2 _bKUR |
||
| 100 | _aKurian,M. | ||
| 245 |
_aSarah Chakko: _ba voice of women in the ecumenical movement. |
||
| 260 |
_c1998 _aThiruvalla,Kerala _bChristhava Sahithya Samithy |
||
| 300 |
_a173 p. _c21 cm |
||
| 650 | _aFeminism | ||
| 942 |
_cBK _2lcc |
||
| 999 |
_c346 _d346 |
||